| 000 | 00344nam a2200145Ia 4500 | ||
|---|---|---|---|
| 008 | 230312s9999||||xx |||||||||||||| ||und|| | ||
| 020 | _a0-642-54179-5 | ||
| 082 |
_a759.994 _bMAL-O |
||
| 100 | _aMalangi;David | ||
| 245 | 0 | _aNo Ordinary Place | |
| 260 |
_bNational galery _aUSA _c2004 |
||
| 300 | _a112 | ||
| 650 | _aArchitecture | ||
| 942 | _cBK | ||
| 999 |
_c12076 _d12076 |
||